|
|
|
|
| LEADER |
01001nam a22002417a 4500 |
| 001 |
AAL6876 |
| 003 |
BD-DhAAL |
| 005 |
20171111123243.0 |
| 008 |
171111s1999 xxu||||| |||| 001 0 BE d |
| 999 |
|
|
|c 38566
|d 38566
|
| 020 |
|
|
|a 9844581532
|
| 040 |
|
|
|a BD-DhAAL
|c BD-DhAAL
|
| 082 |
|
|
|a 891.444
|
| 100 |
|
|
|a রহমান, মুহাম্মদ হাবিবুর
|9 23741
|
| 245 |
|
|
|a বং বঙ্গ বাঙ্গালা বাংলাদেশ /
|c মুহাম্মদ হাবিবুর রহমান
|
| 260 |
|
|
|a ঢাকা :
|b সময় প্রকাশন,
|c ১৯৯৯
|
| 300 |
|
|
|a ৭৯ পৃ. ;
|c ২২ সে.মি.
|
| 500 |
|
|
|a নির্ঘন্ট সম্বলিত
|
| 541 |
|
|
|e 6876
|
| 650 |
|
|
|a Bengali essay
|9 23742
|
| 852 |
|
|
|a Savar Campus Library
|c General shelf
|
| 942 |
|
|
|2 ddc
|c BK
|
| 952 |
|
|
|0 0
|1 0
|2 ddc
|4 0
|6 891_444000000000000_RAH
|7 0
|9 61850
|a SCL
|b SCL
|c GEN
|d 2017-11-11
|g 60.00
|l 0
|o 891.444 RAH
|p 3020006876
|r 2017-11-11
|t 1
|w 2017-11-11
|y BK
|